| 000 | 00319nam a22001097a 4500 | ||
|---|---|---|---|
| 100 |
_aNaveed, Ali _a13ME37 |
||
| 245 | _aDesign of Fabrication of Automatic Single Axis Tracker for Solar Panle | ||
| 260 |
_aNawabshah: _bQUEST, _c2016. |
||
| 300 | _a44p. ; | ||
| 700 | _aDepartment of Mechanical Engineering | ||
| 942 | _cTHESIS | ||
| 999 |
_c57539 _d57536 |
||